| 000 | 00528nam a2200181 i 4500 | ||
|---|---|---|---|
| 001 | 00000000020915 | ||
| 003 | OSt | ||
| 005 | 20131031213002.0 | ||
| 008 | 020226s1995 esp f 0011 spa d | ||
| 020 | _a84-7114-514-6 | ||
| 040 |
_aBMC _cBMC |
||
| 082 | _a658.15 | ||
| 245 | 0 | 0 |
_aGestión económico-financiera _nII _pOptimización de recursos financieros |
| 260 |
_aMadrid _bInstituto Superior de Estudios Empresariales _c1995 |
||
| 300 |
_a390 p. _bgráf. _c24 cm |
||
| 650 | 2 | 4 |
_95713 _aEmpresas _xFinanzas |
| 942 |
_2ddc _cBK |
||
| 999 |
_c3034 _d3034 |
||